000 00570nam a2200193Ia 4500
003 GCL
008 140319s9999 xx 000 0 ara d
040 _aGCL /
_cGCL
082 0 4 _a624.17
_bت ن
100 1 _aتيموشنكو، س . ب
245 1 0 _aنظرية الانشاءات جزء اول /
_cتيموشنكو، س . ب
260 _a[S.N] :
_bجامعة التحدى ،
_c1992
300 _a351 ص
490 _a
650 0 4 _aالانشاءات
650 0 4 _aهندسه التشييد
650 0 4 _aالانشاءات الفضائية
942 _2ddc
_cBK
999 _c42001
_d42001